| 000 | 00375nam a2200133Ia 4500 | ||
|---|---|---|---|
| 008 | 240624s9999 xx 000 0 und d | ||
| 041 | _aeng | ||
| 082 | _a338.9109678 EDW | ||
| 100 | _aEDWARDS SEBASTIAN | ||
| 245 | _aTOXIC AID ECONOMIC COLLAPSE AND RECOVERY | ||
| 260 |
_c2014 _aUnited Kingdom _bOxford University Press |
||
| 300 | _axxiv, 290 p.; 23 cm. | ||
| 365 |
_cBPS _b33 |
||
| 999 |
_c32439 _d32439 |
||